O baptizado da coelhinha (Registo nº 4125)

Detalhes MARC
000 -Etiqueta do registo
Cabeçalho 00539cam a2200205 4500
005 - Identificador da versão
Campo de controlo 20240813122053.0
095 ## -
-- PTBN00144725
100 ## - Dados gerais de processamento
Dados gerais de processamento 19740101d1973 a a0pory5003 ba
102 ## - Pais de publicação ou produção
País de publicação Portugal
101 0# - Língua de publicação
Língua do texto, banda sonora, etc. Português
215 ## - Descrição física 
Indicação específica da natureza do documento e extensão da espécie 60, [3] p.
Outras indicações físicas il.
Dimensões 20 cm
200 1# - Titulo e menção de responsabilidade
Título próprio O baptizado da coelhinha
Primeira menção de responsabilidade Maria Amália Vale
210 ## - Publicação, Distribuição, etc. 
Lugar da edição, distribuição, etc. Lisboa
Nome do editor, distribuidor, etc. Dir.-Geral da Educação Permanente
Data da publicação, distribuição, etc. 1973
675 ## - Classificação Decimal Universal (CDU)
Notação 087.5
Edição med
Língua da edição por
700 #1 - Nome de autor-pessoa física (responsabilidade principal)
Número de registo de entrada de autoridade 0000752
Palavra de ordem Vale
Outra parte do nome não tomada para palavra de ordem Maria Amália
942 ## - Elementos de entrada adicionados (Koha)
Tipo de item no Koha Livro
Exemplares
Situação do levantamento Origin of item (home branch) (coded) Biblioteca de empréstimo Código de barras Cota Circulation type (not for loan) Tipo de documento Nota do exemplar Damaged status
  Biblioteca Escolar das Vendas Biblioteca Escolar das Vendas BEV527 8POR VAL   Livro Sem mensagem